<?xml version="1.0" encoding="UTF-8"?>
<record
    xmlns:xsi="http://www.w3.org/2001/XMLSchema-instance"
    xsi:schemaLocation="http://www.loc.gov/MARC21/slim http://www.loc.gov/standards/marcxml/schema/MARC21slim.xsd"
    xmlns="http://www.loc.gov/MARC21/slim">

  <leader>00866nam a22002417a 4500</leader>
  <datafield tag="952" ind1=" " ind2=" ">
    <subfield code="a">0001</subfield>
    <subfield code="b">0001</subfield>
    <subfield code="d">2022-05-23</subfield>
    <subfield code="l">0</subfield>
    <subfield code="o">330.9561 G31 2017</subfield>
    <subfield code="p">020451</subfield>
    <subfield code="r">2022-05-23 00:00:00</subfield>
    <subfield code="w">2022-05-23</subfield>
    <subfield code="y">BKS</subfield>
  </datafield>
  <datafield tag="999" ind1=" " ind2=" ">
    <subfield code="c">14923</subfield>
    <subfield code="d">14923</subfield>
  </datafield>
  <controlfield tag="003">MIRAKIL</controlfield>
  <controlfield tag="005">20220523131545.0</controlfield>
  <controlfield tag="008">220523b        tu ||||| |||| 00| 0 tur d</controlfield>
  <datafield tag="020" ind1=" " ind2=" ">
    <subfield code="a">9789750522659</subfield>
  </datafield>
  <datafield tag="040" ind1=" " ind2=" ">
    <subfield code="a">TR-AnCHP</subfield>
    <subfield code="c">TR-AnCHP</subfield>
  </datafield>
  <datafield tag="041" ind1=" " ind2=" ">
    <subfield code="a">tur</subfield>
  </datafield>
  <datafield tag="082" ind1=" " ind2=" ">
    <subfield code="a">330.9561</subfield>
    <subfield code="b">G31 2017</subfield>
  </datafield>
  <datafield tag="245" ind1="1" ind2="0">
    <subfield code="a">Ge&#xE7;mi&#x15F;ten gelece&#x11F;e T&#xFC;rkiye ekonomisi : </subfield>
    <subfield code="b">Fikret &#x15E;enses'e arma&#x11F;an / </subfield>
    <subfield code="c">derleyenler Murat Koyuncu, Hakan M&#x131;hc&#x131;, Erin&#xE7; Yeldan </subfield>
  </datafield>
  <datafield tag="260" ind1=" " ind2=" ">
    <subfield code="a">&#x130;stanbul : </subfield>
    <subfield code="b">&#x130;leti&#x15F;im Yay&#x131;nlar&#x131;, </subfield>
    <subfield code="c">2017.</subfield>
  </datafield>
  <datafield tag="300" ind1=" " ind2=" ">
    <subfield code="a">398 s.:</subfield>
    <subfield code="b">grf.;</subfield>
    <subfield code="c">19 sm.</subfield>
  </datafield>
  <datafield tag="490" ind1="0" ind2=" ">
    <subfield code="a">&#x130;leti&#x15F;im Yay&#x131;nlar&#x131; ; </subfield>
    <subfield code="a">Ara&#x15F;t&#x131;rma-inceleme dizisi ;</subfield>
    <subfield code="v">2530.  </subfield>
    <subfield code="v">418.</subfield>
  </datafield>
  <datafield tag="504" ind1=" " ind2=" ">
    <subfield code="a">Kaynak&#xE7;a b&#xF6;l&#xFC;m sonlar&#x131;ndad&#x131;r.</subfield>
  </datafield>
  <datafield tag="650" ind1=" " ind2="0">
    <subfield code="9">396</subfield>
    <subfield code="a">Ekonomi</subfield>
    <subfield code="x">Tarih</subfield>
    <subfield code="z">T&#xFC;rkiye</subfield>
  </datafield>
  <datafield tag="700" ind1=" " ind2=" ">
    <subfield code="9">7099</subfield>
    <subfield code="a">Koyuncu, Murat </subfield>
    <subfield code="e">der.</subfield>
  </datafield>
  <datafield tag="700" ind1=" " ind2=" ">
    <subfield code="9">7100</subfield>
    <subfield code="a">M&#x131;hc&#x131;, Hakan</subfield>
    <subfield code="e">der.</subfield>
  </datafield>
  <datafield tag="700" ind1="1" ind2=" ">
    <subfield code="9">1856</subfield>
    <subfield code="a">Yeldan, Erin&#xE7;</subfield>
    <subfield code="e">der.</subfield>
  </datafield>
  <datafield tag="942" ind1=" " ind2=" ">
    <subfield code="2">ddc</subfield>
    <subfield code="c">BKS</subfield>
  </datafield>
</record>
